01368 a2200265 4500003000500000005001700005010001700022020001500039040000900054082001600063100002600079245005600105250001200161260003700173300006400210500000700274505044300281650001600724700002600740856008900766856009000855942001200945999001900957952012600976Nust20221223114242.0 a 83005476  a0070249334 cNust00a621.388,GRO1 aGrob, Bernard.91946110aBasic television and video systems /cBernard Grob. a5th ed. aNew York :bMcGraw-Hill,cc1984. axii, 464 p., [4] p. of plates :bill. (some col.) ;c25 cm. a  aApplication of Television (Page-1), The Television Picture (Page-25), Television Camera (Page-43), Picture Tubes (Page-77), Scanning and Synchronizing (Page-124), Color Television Circuits (Page-163), Video Test Signals (Page-196), Television Transmission (Page-258), Television Receiver (Page-284), Raster Circuits (Page-312), Color Television Receiver (Page-332), Cable Television (Page-364), Television and Video Servicing (Page-397).  0aTelevision.1 aGrob, Bernard.919461423Publisher descriptionuhttp://www.loc.gov/catdir/enhancements/fy0602/83005476-d.html423Table of contents onlyuhttp://www.loc.gov/catdir/enhancements/fy0602/83005476-t.html 2ddccBK c196505d196505 00102ddc4070aMCSbMCScGENd2016-12-12o621.388,GROpMCS36786r2016-12-08w2016-12-12yBKzAlmirah No.39, Shelf No.4